Código civil portugués: anotado e actualizado
Guardat en:
| Autor principal: | |
|---|---|
| Format: | Llibre |
| Idioma: | portuguès |
| Publicat: |
Lisboa
Almedina
1996
|
| Edició: | 11a. ed |
| Matèries: | |
| Etiquetes: |
Afegir etiqueta
Sense etiquetes, Sigues el primer a etiquetar aquest registre!
|
MARC
| LEADER | 00000nam a2200000 a 4500 | ||
|---|---|---|---|
| 001 | UCQ9834 | ||
| 003 | CL-VaPUC | ||
| 008 | 990121e19960000PO |||||||||||||||||por|d | ||
| 082 | 0 | 4 | |a 346.469 |b ROD |2 21 |
| 100 | 0 | |a Rodrigues Bastos, Jacinto Fernandes |e author |9 424512 | |
| 245 | 1 | 0 | |a Código civil portugués: anotado e actualizado |
| 250 | |a 11a. ed | ||
| 300 | |a 875 p | ||
| 942 | |c BK | ||
| 945 | |d 19990121 00:00:00 |a aarredon | ||
| 260 | |a Lisboa |b Almedina |c 1996 | ||
| 650 | 0 | |a Código civil |9 256135 | |
| 650 | 0 | |a Derecho civil |9 255013 | |
| 650 | 0 | |a Contratos |9 255153 | |
| 650 | 0 | |a Derecho de familia |9 255603 | |
| 651 | 7 | |a PORTUGAL |2 CL-VaPUC |9 255007 | |
| 583 | |a last modification |c 19990121 00:00:00 |k Rodrigo Vera | ||
| 999 | |c 278735 |d 278733 | ||
| 952 | |0 0 |1 0 |4 0 |6 346_469000000000000_ROD_1996 |7 0 |8 A |9 317494 |a BIBDER |b BIBDER |d 2019-11-20 |i 348890K |o 346.469 ROD 1996 |p 348890K |r 2019-11-20 |w 2019-11-20 |y BK |k DER | ||